zpět

Detail výsledku týmu

Hostinec Čivice, Staré Čivice

Datum a čas kvízu

20 Celkem bodů Celkový počet nahraných bodů na tomto kvízu bez doplňovacích otázek.
5. Pořadí na kvízu Konečné umístění týmu na tomto kvízu.

Zaznamenané odpovědi

# Otázka Odpověď Body Výsledky
1. Úředníci pražského katastrální... 0
2. Extrémní sněhovou nadílku, kte... 0
3. Jistá značka vodky přišla tent... 0
4. Jak se jmenuje firma Elona Mus... 0
5. Norští olympijští kuchaři si s... 1
6. Ke které knize odkazuje tento... 0
7. Naše nejmenší CHKO má rozlohu... 1
8. Jak nazýváme vojensko-politick... 1
9. Zapátrejte v paměti a napište,... 0
10. Kterou lichotivou přezdívkou č... 1